Tennis - 2018 ATP World Tour Locations on a Map - Statistics

General Stats
  • This quiz has been taken 328 times
  • The average score is 46 of 66
Answers on the Map
Answers color-coded by a green-red scale on the quiz's map according to % correct below.
 
Answer Stats
Nearby City Category City lat lon % Correct
Grand Slam LONDON 51.49999473 -0.116721844
96%
500 London 51.49999473 -0.116721844
96%
Grand Slam PARIS 48.86669293 2.333335326
96%
1000 Paris 48.86669293 2.333335326
96%
1000 Rome 41.89595563 12.48325842
96%
Miami 1000 Key Biscane 25.7876107 -80.22410608
95%
1000 Madrid 40.40002626 -3.683351686
95%
Grand Slam MELBOURNE -37.82003131 144.9750162
95%
Grand Slam NEW YORK 40.74997906 -73.98001693
95%
250 Sydney -33.92001097 151.1851798
91%
Lisbon 250 Estoril 38.70571 -9.39773
90%
250 Moscow 55.75216412 37.61552283
90%
1000 Shanghai 31.21645245 121.4365047
90%
500 Beijing 39.92889223 116.3882857
89%
250 Buenos Aires -34.60250161 -58.39753137
87%
500 Rio de Janeiro -22.92502317 -43.22502079
87%
500 Tokyo 35.68501691 139.7514074
87%
1000 Toronto 43.69997988 -79.42002079
87%
500 Dubai 25.22999615 55.27997432
86%
500 Barcelona 41.38329958 2.183370319
84%
500 Vienna 48.20001528 16.36663896
84%
250 Doha 25.28655601 51.53296789
82%
250 Stockholm 59.35075995 18.09733473
82%
250 Saint Petersburg 59.93901451 30.31602006
81%
250 Auckland -36.850013 174.7649808
80%
500 Washington, D.C. 38.89954938 -77.00941858
78%
250 Istanbul 41.10499615 29.01000159
77%
250 Marseille 43.28997906 5.37501013
77%
500 Hamburg 53.55002464 9.999999144
76%
1000 Montecarlo 43.76408 7.48206
76%
1000 Indian Wells 33.7 -116.3
74%
250 Lyon 45.77000856 4.830030475
74%
250 Munich 48.12994204 11.57499345
74%
500 Rotterdam 51.9199691 4.479974323
74%
250 Brisbane -27.45503091 153.0350927
73%
250 Budapest 47.50000633 19.08332068
73%
250 São Paulo -23.55867959 -46.62501998
71%
500 Acapulco 16.86336 -99.8901
70%
Cincinnati 1000 Mason 39.36006 -84.30994
70%
250 Sofia 42.68334943 23.31665401
70%
500 Basel 47.5584 7.57327
69%
250 Geneva 46.20222 6.14569
66%
250 Marrakech 31.6299931 -7.999987428
66%
250 Houston 29.81997438 -95.33997929
65%
250 Quito -0.214988181 -78.50005111
63%
250 Antwerp 51.22037355 4.415017048
61%
250 Atlanta 33.83001385 -84.39994938
59%
250 Montpellier 43.61092 3.87723
54%
250 Stuttgart 48.77997988 9.199996296
52%
500 Halle 50.73385 4.23454
49%
Brighton 250 Eastbourne 50.76871 0.28453
48%
250 Antalya 36.88998212 30.69997595
46%
250 Pune 18.53001752 73.85000362
46%
250 Gstaad 46.47 7.28
43%
250 Shenzhen 22.54554 114.0683
43%
250 Chengdu 30.67000002 104.0700195
41%
250 Delray Beach 26.46146 -80.07282
41%
250 Metz 49.11911 6.17269
41%
250 Båstad 56.48 12.8
40%
Greensboro 250 Winston-Salem 36.07000633 -79.80002344
39%
250 Memphis 35.1199868 -89.99999516
36%
250 's-Hertogenbosch 51.69917 5.30417
35%
250 Kitzbühel 47.4 12.4
33%
250 Newport 51.58774 -2.99835
33%
250 Umag 45.4 13.5
32%
250 Cabo San Lucas 22.9 -109.9
21%
No matching quizzes found
Score Distribution
Percent of People with Each Score
Percentile by Number Answered
Your Score History
You have not taken this quiz